Floral diversity in krang serey communal forest site at kirvon commune, phnom srouch district, kampog speu province, សារព័ន្ធរុក្ខជាតិនៅក្នុងតំបន់ព្រៃសហគមន៏ក្រាំងសិរី នៅឃុំគីរីវ័ណ្ណ ស្រុកភ្នំស្រួច ខេត្តកំពង់ស្ពឺ (Record no. 3378)

000 -LEADER
fixed length control field 00747nam a22001337a 4500
040 ## - CATALOGING SOURCE
Transcribing agency RUA
082 ## - DEWEY DECIMAL CLASSIFICATION NUMBER
Classification number FOR NOR 2010 B138 Or.1
100 ## - MAIN ENTRY--AUTHOR NAME
Personal name NORN, NARONG.
245 ## - TITLE STATEMENT
Title Floral diversity in krang serey communal forest site at kirvon commune, phnom srouch district, kampog speu province, សារព័ន្ធរុក្ខជាតិនៅក្នុងតំបន់ព្រៃសហគមន៏ក្រាំងសិរី នៅឃុំគីរីវ័ណ្ណ ស្រុកភ្នំស្រួច ខេត្តកំពង់ស្ពឺ
260 ## - PUBLICATION, DISTRIBUTION, ETC. (IMPRINT)
Place of publication Phnom Penh
Name of publisher RUA
Year of publication 2010
300 ## - PHYSICAL DESCRIPTION
Number of Pages xi; 47p.
Other physical details ill.
Dimensions 29cm.
856 ## - ELECTRONIC LOCATION AND ACCESS
Uniform Resource Identifier https://drive.google.com/file/d/1yW7IUGezcy37eNlUS9BetDO-DxV6Kvae/view?usp=sharing
942 ## - ADDED ENTRY ELEMENTS (KOHA)
Koha item type FOR
952 ## - LOCATION AND ITEM INFORMATION (KOHA)
Withdrawn status [LOCAL, KOHA] 0
952 ## - LOCATION AND ITEM INFORMATION (KOHA)
Withdrawn status [LOCAL, KOHA] 0
952 ## - LOCATION AND ITEM INFORMATION (KOHA)
Withdrawn status [LOCAL, KOHA] 0
952 ## - LOCATION AND ITEM INFORMATION (KOHA)
Withdrawn status [LOCAL, KOHA] 0
952 ## - LOCATION AND ITEM INFORMATION (KOHA)
Withdrawn status [LOCAL, KOHA] 0
952 ## - LOCATION AND ITEM INFORMATION (KOHA)
Withdrawn status [LOCAL, KOHA] 0
952 ## - LOCATION AND ITEM INFORMATION (KOHA)
Withdrawn status [LOCAL, KOHA] 0
952 ## - LOCATION AND ITEM INFORMATION (KOHA)
Withdrawn status [LOCAL, KOHA] 0
Holdings
Permanent Location Date acquired Koha item type Lost status Shelving location Barcode Current Location Full call number
Library Block B2015-11-12FOR B138RUA026556Library Block BFOR NOR 2010 B138 Or.1
Library Block B2015-11-12FOR B138RUA026913Library Block BFOR NOR 2010 B138 Or.2
Library Block B2015-11-12FOR B138RUA026985Library Block BFOR NOR 2010 B138 Or.3
Library Block B2015-11-12FOR B138RUA026540Library Block BFOR NOR 2010 B138 Or.4
Library Block B2015-11-12FOR B138RUA026684Library Block BFOR NOR 2010 B138 Or.5
Library Block B2015-11-12FOR B138RUA026178Library Block BFOR NOR 2010 B138 Or.6
Library Block B2015-11-12FOR B138RUA026252Library Block BFOR NOR 2010 B138 Or.7
Library Block B2015-11-12FOR B138RUA026324Library Block BFOR NOR 2010 B138 Or.8
មជ្ឈមណ្ឌលឯការនៃសាកលវិទ្យាល័យភូមិន្ទកសិកម្មចំការដូង

Powered by Koha